| 000 | 00464nam a2200181Ia 4500 | ||
|---|---|---|---|
| 001 | 7986 | ||
| 005 | 20260306160536.0 | ||
| 008 | 260306t2008||||xx |||||||||||||| ||spa|| | ||
| 041 | _aESP | ||
| 082 |
_a370 _bB23 |
||
| 100 |
_aBaquero, Ricardo _eAUT |
||
| 245 | 0 |
_aConstruyendo posibilidad: _bapropiación y sentido de la experiencia escolar |
|
| 260 | _c2008 | ||
| 300 |
_a154 pƔginas : _c21 cm. |
||
| 650 | _aGEN | ||
| 654 | _aCED | ||
| 942 |
_cLIB _dJUS _fJUS _2ddc _n |
||
| 999 |
_c7986 _d7986 |
||